| 000 | 00951nam a2200253Ia 4500 | ||
|---|---|---|---|
| 001 | 16296 | ||
| 003 | GE_BSU | ||
| 008 | 181216s||||||||xx |||||||||||||| ||und|| | ||
| 020 | _a9789941102899 | ||
| 040 | _cGE_BSU | ||
| 080 | _a347.9 | ||
| 100 | _aშენგელია, რომან,ეკატერინე შენგელია | ||
| 245 | _aმემკვიდრეობის სამართალი : (თეორია და პრაქტიკა) | ||
| 245 | _cრედ. ჯონი ხეცურიანი;ნელი ელიზბარაშვილი | ||
| 250 | _aმე-2 გამოცემა | ||
| 260 | _aთბილისი | ||
| 260 | _bმერიდიანი | ||
| 260 | _c2011 | ||
| 300 | _a344გვ;20სმ. | ||
| 541 | _h17ლ. | ||
| 653 | _aმემკვიდრეობის სამართალი; | ||
| 653 | _aსამართალი | ||
| 942 | _cBK | ||
| 999 |
_c49379 _d49379 |
||